书目信息 |
| 题名: |
讽刺笑话选
|
|
| 作者: | 李书华 编 | |
| 分册: | ||
| 出版信息: | 石家庄 河北人民出版社 1980 |
|
| 页数: | 43页 | |
| 开本: | 19cm | |
| 丛书名: | ||
| 单 册: | ||
| 中图分类: | I276.8 | |
| 科图分类: | ||
| 主题词: | 笑话--中国--选集 | |
| 电子资源: | ||
| ISBN: | ||
| 000 | 00583nam0 2200229 45 | |
| 001 | 0180006477 | |
| 005 | 20060820111444.14 | |
| 010 | @dCNY0.16 | |
| 091 | @aCN@b10086.85 | |
| 100 | @a19960215d1980 em y0chiy0121 ea | |
| 101 | 0 | @achi |
| 102 | @aCN@b130000 | |
| 105 | @ay z 000zy | |
| 200 | 10 | @a讽刺笑话选@Afeng ci xiao hua xuan@f李书华编 |
| 205 | @a2版 | |
| 210 | @a石家庄@c河北人民出版社@d1980 | |
| 215 | @a43页@d19cm | |
| 606 | @a笑话@y中国@x选集 | |
| 690 | @aI276.8@v3 | |
| 701 | 0 | @a李书华@Ali shu hua@4编 |
| 801 | 0 | @aCN@bTSSF@c20060820 |
| 905 | @a10447@dI276.8@e15=2 | |
| 讽刺笑话选/李书华编.-2版.-石家庄:河北人民出版社,1980 |
| 43页;19cm |
| ISBN :CNY0.16 |
| ● |
| 相关链接 |
|
|
|
|
正题名:讽刺笑话选
索取号:I276.8/15=2
 
预约/预借
| 序号 | 登录号 | 条形码 | 馆藏地/架位号 | 状态 | 备注 |
| 1 | 0469115 | 204691155 | 密集书库/ [索取号:I276.8/15=2] | 在馆 |